| 000 | 00487nam a2200169 i 4500 | ||
|---|---|---|---|
| 001 | 104792 | ||
| 003 | ES-MaACL | ||
| 005 | 20230906183704.0 | ||
| 007 | t| | ||
| 008 | 051212s1962 sp ||||1| spa d | ||
| 100 | 1 |
_aMiravalles, Luis. _981567 |
|
| 245 | 1 | 0 |
_aPrimera vida / _cLuis Miravalles. |
| 260 |
_aRibadeo (Lugo) : _b[s.n.], _c1962 ( _fImp. Artes Gráf. Vizcaya) |
||
| 300 |
_a211 p. ; _c22 cm. |
||
| 852 |
_aES-MaACL _jC-22026 _bR.50605 |
||
| 852 |
_aES-MaACL _jC-22593 _bR.51088 |
||
| 999 |
_c104792 _d104792 |
||